| 000 | 00678nam a2200241 a 4500 | ||
|---|---|---|---|
| 999 |
_c1292 _d1292 |
||
| 001 | 1292 | ||
| 003 | BD-JhCC | ||
| 005 | 20171017192124.0 | ||
| 008 | 171017s1999 bg a|||| ||a| 000 0 ben d | ||
| 020 | _a9844100062 | ||
| 035 | _a(BD-JhCC) 1292 | ||
| 040 |
_aBD-JhCC _dBD-JhCC |
||
| 041 | _aben | ||
| 082 |
_a539.757 _bSAR 1999 |
||
| 100 | _aশরফুদ্দীন, মিনা | ||
| 245 |
_aপরমাণুর রাজ্যে / _cমিনা শরফুদ্দীন |
||
| 260 |
_aঢাকা: _bমাওলা ব্রাদাস, _c1999 |
||
| 300 |
_a206 .: _c22 cm. |
||
| 650 | _aAtom | ||
| 651 | _aBangladesh | ||
| 942 |
_2ddc _cBK |
||